<?xml version="1.0" encoding="UTF-8"?>
<record
    xmlns:xsi="http://www.w3.org/2001/XMLSchema-instance"
    xsi:schemaLocation="http://www.loc.gov/MARC21/slim http://www.loc.gov/standards/marcxml/schema/MARC21slim.xsd"
    xmlns="http://www.loc.gov/MARC21/slim">

  <leader>02220nam a2200361 i 4500</leader>
  <controlfield tag="001">000020899</controlfield>
  <controlfield tag="003">DO-SdBNP</controlfield>
  <controlfield tag="005">20251120073732.0</controlfield>
  <controlfield tag="007">ta</controlfield>
  <controlfield tag="008">091013s1973    dr            001 0 spa d</controlfield>
  <datafield tag="040" ind1=" " ind2=" ">
    <subfield code="a">DO-SdBNP</subfield>
    <subfield code="b">spa</subfield>
    <subfield code="c">DO-SdBNP</subfield>
    <subfield code="e">rda</subfield>
  </datafield>
  <datafield tag="041" ind1=" " ind2=" ">
    <subfield code="h">spa</subfield>
  </datafield>
  <datafield tag="082" ind1=" " ind2=" ">
    <subfield code="a">RD860.409</subfield>
    <subfield code="b">I37d 1973</subfield>
    <subfield code="2">22</subfield>
  </datafield>
  <datafield tag="100" ind1="1" ind2=" ">
    <subfield code="a">Inch&#xE1;ustegui Cabral, H&#xE9;ctor,</subfield>
    <subfield code="d">1912-1979</subfield>
    <subfield code="e">autor</subfield>
    <subfield code="9">21024</subfield>
  </datafield>
  <datafield tag="245" ind1="1" ind2="0">
    <subfield code="a">De literatura dominicana siglo veinte /</subfield>
    <subfield code="c">H&#xE9;ctor Inchaustegui Cabral.</subfield>
  </datafield>
  <datafield tag="250" ind1=" " ind2=" ">
    <subfield code="a">segunda edici&#xF3;n</subfield>
  </datafield>
  <datafield tag="264" ind1=" " ind2=" ">
    <subfield code="a">Santiago de los Caballeros, Rep&#xFA;blica Dominicana :</subfield>
    <subfield code="b">UCMM,</subfield>
    <subfield code="c">1973.</subfield>
  </datafield>
  <datafield tag="300" ind1=" " ind2=" ">
    <subfield code="a">413 p&#xE1;ginas ;</subfield>
    <subfield code="c">21 cm.</subfield>
  </datafield>
  <datafield tag="336" ind1=" " ind2=" ">
    <subfield code="a">rdacontent</subfield>
    <subfield code="b">texto</subfield>
    <subfield code="2">txt</subfield>
  </datafield>
  <datafield tag="337" ind1=" " ind2=" ">
    <subfield code="a">rdamedia</subfield>
    <subfield code="b">sin mediaci&#xF3;n</subfield>
    <subfield code="2">n</subfield>
  </datafield>
  <datafield tag="338" ind1=" " ind2=" ">
    <subfield code="a">rdacarrier</subfield>
    <subfield code="b">volumen</subfield>
    <subfield code="2">nc</subfield>
  </datafield>
  <datafield tag="490" ind1="1" ind2=" ">
    <subfield code="a">Contempor&#xE1;neos</subfield>
  </datafield>
  <datafield tag="500" ind1=" " ind2=" ">
    <subfield code="a">Incluye &#xED;ndice de nombres.</subfield>
  </datafield>
  <datafield tag="505" ind1="1" ind2=" ">
    <subfield code="t">Pr&#xF3;logo --</subfield>
    <subfield code="t">Las ciegas esperanzas --</subfield>
    <subfield code="t">El tiempo, la muerte y la poes&#xED;a --</subfield>
    <subfield code="t">La puerta abierta -- Los &#xE1;rboles y el bosque --</subfield>
    <subfield code="t">La esfinge de sal -</subfield>
    <subfield code="t">El pez rojo --</subfield>
    <subfield code="t">La mancha en el lavado --</subfield>
    <subfield code="t">La ara&#xF1;a sobre la tela rota --</subfield>
    <subfield code="t">Cartas a Sergio --</subfield>
    <subfield code="t">Ensayos sobre temas diversos --</subfield>
    <subfield code="t">La angustia de la patria en Deligne --</subfield>
    <subfield code="t">La ciudad como novela --</subfield>
    <subfield code="t">Vida y novela --</subfield>
    <subfield code="t">Poes&#xED;a y poetas --</subfield>
    <subfield code="t">Caf&#xE9; derramado en la camisa --</subfield>
    <subfield code="t">Una carta a Joaqu&#xED;n --</subfield>
    <subfield code="t">La raya en el coraz&#xF3;n --</subfield>
    <subfield code="t">Los analfabetismos fundamentales --</subfield>
    <subfield code="t">Rosa, Rosa, dame un gancho --</subfield>
    <subfield code="t">El dominicano en peligro de asfixia moral --</subfield>
    <subfield code="t">Los poetas m&#xE1;s all&#xE1; de las trincheras o la pol&#xED;tica y la poes&#xED;a--</subfield>
    <subfield code="t">Novela e indagaci&#xF3;n social --</subfield>
    <subfield code="t">Los enemigos de la tierra, de Requena --</subfield>
    <subfield code="t">La Ma&#xF1;osa, de Bosch --</subfield>
    <subfield code="t">Over, de Marrero --</subfield>
    <subfield code="g">Ep&#xED;logos --</subfield>
    <subfield code="t">Con perd&#xF3;n, el sexo --</subfield>
    <subfield code="t">Las ediciones --</subfield>
    <subfield code="t">Cr&#xF3;nica del Sur --</subfield>
    <subfield code="t">Entre dos antes y un despu&#xE9;s --</subfield>
    <subfield code="t">El otro lado del ca&#xF1;amazo --</subfield>
    <subfield code="t">Gu&#xED;a de escritores dominicanos mencionados.</subfield>
    <subfield code="t">&#xCD;ndice de nombres.</subfield>
  </datafield>
  <datafield tag="590" ind1=" " ind2=" ">
    <subfield code="a">Inventariado, 2018 /LP</subfield>
  </datafield>
  <datafield tag="650" ind1=" " ind2="7">
    <subfield code="a">Literatura dominicana</subfield>
    <subfield code="x">Historia y cr&#xED;tica</subfield>
    <subfield code="y">SIGLO XX</subfield>
    <subfield code="9">22986</subfield>
    <subfield code="2">Lemb</subfield>
  </datafield>
  <datafield tag="650" ind1=" " ind2="7">
    <subfield code="a">Autores dominicanos</subfield>
    <subfield code="x">Historia y cr&#xED;tica</subfield>
    <subfield code="y">SIGLO XX</subfield>
    <subfield code="9">23591</subfield>
    <subfield code="2">Lemb</subfield>
  </datafield>
  <datafield tag="710" ind1="2" ind2=" ">
    <subfield code="a">Pontificia  Universidad Cat&#xF3;lica Madre y Maestra </subfield>
    <subfield code="9">843</subfield>
  </datafield>
  <datafield tag="830" ind1=" " ind2="0">
    <subfield code="a">Contempor&#xE1;neos</subfield>
    <subfield code="9">6941</subfield>
  </datafield>
  <datafield tag="910" ind1=" " ind2=" ">
    <subfield code="a">Validado. Control de calidad BNPHU</subfield>
  </datafield>
  <datafield tag="942" ind1=" " ind2=" ">
    <subfield code="2">ddc</subfield>
    <subfield code="c">LBS1</subfield>
  </datafield>
  <datafield tag="952" ind1=" " ind2=" ">
    <subfield code="0">0</subfield>
    <subfield code="1">0</subfield>
    <subfield code="2">ddc</subfield>
    <subfield code="5">1</subfield>
    <subfield code="7">0</subfield>
    <subfield code="8">PD</subfield>
    <subfield code="a">BNPHU</subfield>
    <subfield code="b">PD</subfield>
    <subfield code="c">HD</subfield>
    <subfield code="d">2010-08-23</subfield>
    <subfield code="l">0</subfield>
    <subfield code="o">BNPHU PD RD860.409 I37d 1973</subfield>
    <subfield code="p">20899-10</subfield>
    <subfield code="r">2020-06-25</subfield>
    <subfield code="w">2020-06-25</subfield>
    <subfield code="y">LFPD</subfield>
    <subfield code="z">Perteneci&#xF3; a la biblioteca personal de Carlos Larrazabal Blanco. Autografiado por el autor s Carlos Larraz&#xE1;bal Blanco</subfield>
  </datafield>
  <datafield tag="952" ind1=" " ind2=" ">
    <subfield code="0">0</subfield>
    <subfield code="1">0</subfield>
    <subfield code="2">ddc</subfield>
    <subfield code="5">1</subfield>
    <subfield code="7">0</subfield>
    <subfield code="8">PD</subfield>
    <subfield code="a">BNPHU</subfield>
    <subfield code="b">PD</subfield>
    <subfield code="c">HD</subfield>
    <subfield code="d">2011-04-28</subfield>
    <subfield code="l">0</subfield>
    <subfield code="o">BNPHU PD RD860.409 I37d 1973</subfield>
    <subfield code="p">20899-20</subfield>
    <subfield code="r">2020-06-25</subfield>
    <subfield code="t">e. 2</subfield>
    <subfield code="w">2020-06-25</subfield>
    <subfield code="y">LFPD</subfield>
    <subfield code="z">Perteneci&#xF3; qa la biblioteca personal de Chiqui Vicioso / Fidelio Despradel.</subfield>
  </datafield>
  <datafield tag="952" ind1=" " ind2=" ">
    <subfield code="0">0</subfield>
    <subfield code="1">0</subfield>
    <subfield code="2">ddc</subfield>
    <subfield code="5">6</subfield>
    <subfield code="7">0</subfield>
    <subfield code="8">DS</subfield>
    <subfield code="a">BNPHU</subfield>
    <subfield code="b">DO</subfield>
    <subfield code="c">HD</subfield>
    <subfield code="d">2015-08-10</subfield>
    <subfield code="l">0</subfield>
    <subfield code="o">BNPHU DS RD860.409 I37d 1973</subfield>
    <subfield code="p">20899-30</subfield>
    <subfield code="r">2020-06-25</subfield>
    <subfield code="t">e. 3</subfield>
    <subfield code="w">2020-06-25</subfield>
    <subfield code="y">LFDS</subfield>
  </datafield>
  <datafield tag="952" ind1=" " ind2=" ">
    <subfield code="0">0</subfield>
    <subfield code="1">0</subfield>
    <subfield code="2">ddc</subfield>
    <subfield code="5">6</subfield>
    <subfield code="7">0</subfield>
    <subfield code="8">DS</subfield>
    <subfield code="a">BNPHU</subfield>
    <subfield code="b">BNPHU</subfield>
    <subfield code="c">CT</subfield>
    <subfield code="d">2025-02-10</subfield>
    <subfield code="e">Donado por la Presidencia de la Rep&#xFA;blica Dominicana 2023</subfield>
    <subfield code="l">0</subfield>
    <subfield code="o">BNPHU DS RD860.409 I37d 1973</subfield>
    <subfield code="p">2025-0879</subfield>
    <subfield code="r">2025-02-10</subfield>
    <subfield code="t">e.4</subfield>
    <subfield code="w">2025-02-10</subfield>
    <subfield code="y">LBS1</subfield>
    <subfield code="z">Pertenecio a la biblioteca de Ren&#xE9; Rodr&#xED;guez Soriano</subfield>
  </datafield>
  <datafield tag="956" ind1=" " ind2=" ">
    <subfield code="a">VMateo</subfield>
  </datafield>
  <datafield tag="999" ind1=" " ind2=" ">
    <subfield code="c">20402</subfield>
    <subfield code="d">20402</subfield>
  </datafield>
</record>
